000 00445nam a2200169Ia 4500
005 20250508151014.0
008 008 250505s9999 xx 000 0 eng d
037 _aTextual
040 _aFEDL
_beng
_cFEDL
041 _aeng
_2eng
084 _a372.83, NAT
_qFEDL
245 0 _aElementary schools : The frontline of democracy
260 _c1943
300 _a588p.
942 _cTEXL
_h372.83, NAT
999 _c1326993
_d1326993